LIBRARY ONLINE CATALOGUE

Fundamentals of object-oriented design in UML / (Record no. 11319)

MARC details
000 -LEADER
fixed length control field 00752cam a22002292 4500
001 - CONTROL NUMBER
control field 0000020177
005 - DATE AND TIME OF LATEST TRANSACTION
control field 20151217154438.0
008 - FIXED-LENGTH DATA ELEMENTS--GENERAL INFORMATION
fixed length control field 110822s xx 000 0 eng d
020 ## - INTERNATIONAL STANDARD BOOK NUMBER
International Standard Book Number 8177586770
040 ## - CATALOGING SOURCE
Original cataloging agency KABU
Transcribing agency KABU
100 1# - MAIN ENTRY--PERSONAL NAME
Personal name Page-Jones, Meilir.
-- 0000179161
245 10 - TITLE STATEMENT
Title Fundamentals of object-oriented design in UML /
Statement of responsibility, etc. Meilir Page-Jones.
250 ## - EDITION STATEMENT
Edition statement 1st ed.
260 ## - PUBLICATION, DISTRIBUTION, ETC. (IMPRINT)
Place of publication, distribution, etc. India :
Name of publisher, distributor, etc. Pearson,
Date of publication, distribution, etc. 2000.
300 ## - PHYSICAL DESCRIPTION
Extent 480 p.
650 #0 - SUBJECT ADDED ENTRY--TOPICAL TERM
Topical term or geographic name as entry element Object oriented programming (Computer science)
-- 0000148166
650 #0 - SUBJECT ADDED ENTRY--TOPICAL TERM
Topical term or geographic name as entry element Object-oriented analysis and design (Computer science)
-- 0000179162
650 #0 - SUBJECT ADDED ENTRY--TOPICAL TERM
Topical term or geographic name as entry element UML (Computer science)
-- 0000154690
852 1# - LOCATION
-- p2500 KES
908 ## - PUT COMMAND PARAMETER (RLIN)
Put command parameter 110822
950 ## - LOCAL HOLDINGS (RLIN)
-- 1
Holdings
Withdrawn status Lost status Source of classification or shelving scheme Not for loan Home library Current library Date acquired Total Checkouts Full call number Barcode Date last seen Price effective from Koha item type
    Library of Congress Classification   Kabarak, Main Campus Kabarak, Main Campus 17/12/2015   QA76.64 .P34 c.1 21827 17/12/2015 17/12/2015 General Collection